An improved trawl door hook-up system
Guardat en:
| Autors principals: | , , |
|---|---|
| Format: | Llibre |
| Idioma: | anglès |
| Publicat: |
Cambridge
Cambridge University
1979
|
| Matèries: | |
| Etiquetes: |
Afegir etiqueta
Sense etiquetes, Sigues el primer a etiquetar aquest registre!
|
MARC
| LEADER | 00000nam a2200000 a 4500 | ||
|---|---|---|---|
| 001 | UCY3744 | ||
| 003 | CL-VaPUC | ||
| 008 | 950116e19790000US |||||||||||||||||eng|d | ||
| 082 | 0 | 4 | |a 639.2 |b GOU |2 21 |
| 100 | 0 | |a Goudey, Clifford A |e author |9 332116 | |
| 700 | 0 | |a Loutrel, Stephen P |e author |9 332117 | |
| 700 | 0 | |a Clifton, Arthur B |e author |9 332118 | |
| 245 | 1 | 3 | |a An improved trawl door hook-up system |
| 300 | |a 31 p | ||
| 942 | |c BK | ||
| 945 | |d 19950116 00:00:00 |a mfernand | ||
| 260 | |a Cambridge |b Cambridge University |c 1979 | ||
| 650 | 0 | |a Industria pesquera |9 255432 | |
| 650 | 7 | |a PESCA DE ARRASTRE |2 CL-VaPUC |9 261951 | |
| 583 | |a last modification |c 20190801 09:24:07 |k Rodrigo Vera | ||
| 999 | |c 231802 |d 231800 | ||